000 00535nam a2200193Ia 4500
005 20250423094849.0
008 250422s9999 xx 000 0 und d
020 _a9780495598206
050 _aBF 76.5 .P45/
100 _aPelham, Brett W.
245 0 _aConducting researcher in psychology: measuring the weight of smoke
250 _a4th ed.
260 _aWadsworth
260 _bCengage Learning
260 _c2013
300 _a489 p
650 _aPsychology--Research--Methodology. Psychology, Experimental.
942 _cBK
999 _c28525
_d28525